00000000nam 2200000zi 4500
0019.947275
003CaOODSP
00520250124132558
006m     o  d f      
007cr mn|||||||||
008250122s1946    onc     o    f000 0 eng d
040 |aCaOODSP|beng|erda|cCaOODSP
043 |an-cn---
045 |ax4x4
0861 |aZ1-1946/1-3E-PDF
1101 |aCanada. |bRoyal Commission to Investigate the Facts Relating to and the Circumstances Surrounding the Communication by Public Officials and Other Persons in Positions of Trust of Secret and Confidential Information to Agents of a Foreign Power, |eauthor, |eissuing body.
24510|aThird interim report of the Royal Commission established by Order in Council, P.C. 411 of February 5, 1946.
24616|aThird interim report of the Royal Commission to the Governor General in Council (made public March 29, 1946)
264 1|aOttawa : |bEdmond Cloutier, Printer to the King's Most Excellent Majesty, |c1946.
300 |a1 online resource (10 pages)
336 |atext|btxt|2rdacontent
337 |acomputer|bc|2rdamedia
338 |aonline resource|bcr|2rdacarrier
500 |aIssued also in French under title: Troisième rapport intérimaire de la Commission royale établie par arrêté en conseil, C.P. 411 du 5 février 1946.
500 |aTitle from cover.
500 |aPages 1 and 2 are wanting.
500 |a"March 29, 1946."
500 |a"Respectfully submitted, Robert Taschereau, Royal Commissioner; R.L. Kellock, Royal Commissioner"--Page 10.
500 |aDigitized edition from print [produced by Government of Canada Publications Directorate].
650 0|aEspionage, Soviet|zCanada.
650 0|aGouzenko Affair, Canada, 1945-1946.
650 0|aOfficial secrets|zCanada.
7001 |aTaschereau, Robert, |q1896-
7001 |aKellock, Roy Lindsay, |d1893-
77508|tTroisième rapport intérimaire de la Commission royale établie par arrêté en conseil, C.P. 411 du 5 février 1946.|w(CaOODSP)9.947276
85640|qPDF|s1.15 MB|uhttps://publications.gc.ca/collections/collection_2025/bcp-pco/Z1-1946-1-3-eng.pdf